000 00501nam a2200193Ia 4500
005 20250326141942.0
008 250326s9999 xx 000 0 und d
037 _aTextbook
040 _aFMSL
_beng
_cFMSL
041 _aeng
_2eng
084 _qFMSL
100 _aSweeny H W A
_9745331
245 0 _aHandbook of Budgeting
_cSweeny H W A; Rachlin R
250 _a2nd
260 _aNew York
_bNew York, Johan Wiley & Sons
_c1987
300 _a891p
942 _cTB
999 _c1292758
_d1292758